00355 a2200109 4500001001000000005001700010008004100027245006700068100002000135773007300155999001700228ART_4359620260410162024.0260409a 10aDo workers accept lower wages in exchange for health benefits?1 aOlson, Craig A.0 tJournal of labor economicsg- Vol. 20, NÂș 2/2 (abr. 2002)wREV43438 c33416d33416